000 00342nam a2200133Ia 4500
008 240624s9999 xx 000 0 und d
041 _aeng
082 _a823 PAT
100 _aPATTANAIK DEVDUTT
245 _aRAMAYANA VERSUS MAHABHARATA MY PLAYFUL C
260 _c2018
_aNew Delhi
_bRupa & Company
300 _a194 p.; 23 cm.
365 _cRS
999 _c31923
_d31923